Normal view
MARC view
- Siddiq, Mohammad Yusuf
Entry Personal Name
001 - CONTROL NUMBER
- control field: 90388
003 - CONTROL NUMBER IDENTIFIER
- control field: NUST
005 - DATE AND TIME OF LATEST TRANSACTION
- control field: 20220307150055.0
008 - FIXED-LENGTH DATA ELEMENTS
- fixed length control field: 220307|| aca||aabn | a|a d
040 ## - CATALOGING SOURCE
- Original cataloging agency: NUST
- Transcribing agency: NUST
100 ## - HEADING--PERSONAL NAME
- Personal name: Siddiq, Mohammad Yusuf
670 ## - SOURCE DATA FOUND
- Source citation: Work cat.: (NUST)0: Siddiq, Mohammad Yusuf., Historical and cultural aspects of the Islamic inscriptions of Bengal :, 2009.
